000 00414 a2200169 4500
001 191921
020 _a978-85-06-07790-0
040 _cMagnum
100 _aSousa, MaurĂ­cio de
240 1 0 _aA guerra de troia em versos de cordel
_lpor
245 1 0 _aA guerra de troia em versos de cordel
300 _a63
362 0 _a2015
440 1 _aMelhoramentos
697 _aLITERATURA INFANTO-JUVENIL
942 _cBK
999 _c191921
_d191921